NFL Top 100 All-Time: Career Salaries - Statistics

General Stats
  • This quiz has been taken 526 times
    165 since last reset
  • The average score is 57 of 100
Answer Stats
# Player Salary % Correct
3 Tom Brady $332,962,392
97%
16 Patrick Mahomes $232,004,472
95%
1 Matthew Stafford $408,315,802
94%
23 Lamar Jackson $187,314,817
92%
2 Aaron Rodgers $394,308,010
91%
15 Josh Allen $232,610,993
91%
57 Keenan Allen $136,162,051
91%
11 Eli Manning $252,280,004
90%
12 Peyton Manning $248,732,000
90%
5 Russell Wilson $315,862,250
88%
21 Alex Smith $189,725,000
87%
8 Drew Brees $269,710,422
87%
66 Tyron Smith $128,347,504
87%
61 Chandler Jones $131,124,510
84%
41 Chris Jones $154,623,058
84%
6 Dak Prescott $296,335,465
84%
74 Daniel Jones $122,238,676
84%
45 Julio Jones $149,167,021
84%
95 Travis Kelce $111,194,254
84%
9 Ben Roethlisberger $267,286,864
82%
65 J.J. Watt $129,748,000
81%
39 T.J. Watt $154,902,038
81%
10 Jared Goff $259,635,888
80%
25 Joe Burrow $177,186,972
80%
4 Kirk Cousins $321,692,254
80%
13 Philip Rivers $243,944,322
80%
32 Leonard Williams $159,861,910
79%
79 Mario Williams $120,400,000
79%
17 Trent Williams $212,769,432
79%
24 Joe Flacco $184,433,244
78%
31 Lane Johnson $163,436,625
78%
7 Matt Ryan $288,363,361
78%
54 DeMarcus Lawrence $140,352,669
73%
35 Justin Herbert $156,208,573
73%
70 Tua Tagovailoa $124,510,807
73%
53 Brett Favre $141,829,000
72%
46 Myles Garrett $148,573,009
72%
62 Baker Mayfield $130,760,454
71%
47 Tyreek Hill $147,589,171
71%
14 Deshaun Watson $234,778,741
69%
93 Jalen Hurts $111,405,119
69%
18 Derek Carr $205,666,395
68%
73 Joe Thomas $122,850,000
67%
28 Kyler Murray $170,752,845
67%
44 Davante Adams $149,535,071
66%
92 Jordan Love $111,883,455
62%
27 Larry Fitzgerald $171,027,239
62%
59 Cam Newton $133,545,071
61%
67 Tony Romo $127,422,458
61%
80 Jason Peters $120,370,125
59%
38 Mike Evans $155,029,030
59%
19 Von Miller $197,872,562
59%
33 Aaron Donald $157,114,238
58%
82 A.J. Green $118,781,164
57%
88 Andy Dalton $114,694,199
56%
58 Carson Wentz $134,176,840
55%
89 Patrick Peterson $113,907,324
55%
98 Andrew Luck $109,107,998
54%
49 Jalen Ramsey $144,748,638
53%
37 Joey Bosa $155,510,402
53%
60 Nick Bosa $132,214,336
53%
20 Ryan Tannehill $195,975,979
53%
26 Carson Palmer $174,148,722
52%
36 Stefon Diggs $155,871,681
52%
22 Khalil Mack $187,554,318
51%
85 Cooper Kupp $116,157,151
49%
40 Jimmy Garoppolo $154,726,194
49%
50 DeAndre Hopkins $144,457,890
47%
75 Jay Cutler $122,196,087
47%
83 Bobby Wagner $118,508,441
44%
71 Darrelle Revis $124,211,129
44%
86 Michael Vick $115,952,908
38%
91 Zack Martin $111,985,531
37%
43 Calais Campbell $149,645,235
36%
51 Cameron Jordan $144,073,840
35%
76 Gerald McCoy $122,118,464
35%
29 Ndamukong Suh $165,065,157
35%
55 Amari Cooper $138,442,228
34%
48 Cameron Heyward $146,335,255
33%
42 Jake Matthews $149,762,107
31%
30 Julius Peppers $164,973,786
30%
34 Danielle Hunter $156,364,477
29%
64 Sam Bradford $130,022,863
29%
72 Brandin Cooks $123,036,979
28%
100 Terrell Suggs $108,228,797
28%
84 Stephon Gilmore $116,556,433
25%
97 Kenny Clark $109,827,719
22%
52 Laremy Tunsil $142,303,935
22%
68 David Bakhtiari $126,875,928
21%
69 Fletcher Cox $125,890,246
21%
81 Darius Slay $120,140,654
16%
56 DeForest Buckner $137,600,533
15%
78 Grady Jarrett $121,173,797
13%
63 Ronnie Stanley $130,722,719
13%
77 Joe Haden $121,471,755
12%
90 Robert Quinn $112,630,638
12%
96 Arik Armstead $110,152,247
11%
87 Terron Armstead $115,863,667
11%
94 Brandon Scherff $111,226,076
7%
99 Russell Okung $108,873,265
3%
No matching quizzes found
Score Distribution
Percent of People with Each Score
Percentile by Number Answered
Your Score History
You have not taken this quiz since the last reset